[Event "SUI-ch U10"]
[Site "Geneve"]
[Date "2013.06.29"]
[Round "5"]
[White "Tezayak, Matthias"]
[Black "Knaan, Guy"]
[Result "1-0"]
[WhiteElo "1661"]
[BlackElo "1489"]
[PlyCount "73"]
[EventDate "2013.06.27"]
[EventType "tourn"]
[EventRounds "7"]
[EventCountry "SUI"]
[SourceTitle "EXT 2014"]
[Source "ChessBase"]
[SourceDate "2013.11.20"]
[SourceVersion "1"]
[SourceVersionDate "2013.11.20"]
[SourceQuality "1"]

1. e4 e5 2. Nf3 Nc6 3. d4 exd4 4. Bc4 d6 5. Nxd4 Bd7 6. 0-0 Be7 7. Nc3 Nf6 8. f4 0-0 9. Re1 Bg4 10. Be2 Bxe2 11. Rxe2 Qd7 12. Re3 Rfe8 13. Nf5 Bf8 14. Ng3 Qe6 15. Nd5 Ng4 16. Nxc7 Nxe3 17. Bxe3 Qf6 18. Nxa8 Rxa8 19. c3 Re8 20. Qb3 b6 21. Qa4 Rc8 22. Rd1 Qg6 23. Rd5 f6 24. Nf5 Qg4 25. Qc4 g6 26. Nh6+ Bxh6 27. Rg5+ Kg7 28. Rxg4 Ne7 29. Qa6 f5 30. exf5 Kf6 31. fxg6 hxg6 32. Qxa7 Nd5 33. Bd4+ Ke6 34. Rxg6+ Kf5 35. Rxh6 Kxf4 36. Qf7+ Ke4 37. Qf3# 1-0